| 000 | 00552nam a2200169 4500 | ||
|---|---|---|---|
| 001 | 131820 | ||
| 003 | ES-MaACL | ||
| 005 | 20230906194043.0 | ||
| 007 | t| | ||
| 008 | 070214s1970 sp r ||||1| spa d | ||
| 100 | 1 |
_aRodríguez Medina, José J. _998656 |
|
| 245 | 1 | 3 |
_aEl religioso educador _b: inquietudes, urgencias, soluciones / _cJosé J. Rodríguez Medina, Juan Viola Galindo. |
| 260 |
_aSalamanca [etc.] : _bSígueme, _c1970. |
||
| 300 |
_a270 p. ; _c22 cm. |
||
| 700 | 1 |
_aViola Galindo, Juan. _9115411 |
|
| 852 |
_aES-MaACL _jC-44672 _bR.73912 |
||
| 999 |
_c131820 _d131820 |
||